| 000 | 01321nam a2200337K 4500 | ||
|---|---|---|---|
| 001 | 9087958 | ||
| 003 | ARRUPE | ||
| 005 | 20160831094018.0 | ||
| 006 | m d | ||
| 007 | cr bn||||||abp | ||
| 007 | cr bn||||||ada | ||
| 008 | 110802q19201929fr o 000 0 fre d | ||
| 035 | _a(OCoLC)ocn744563038 | ||
| 035 | _a(OCoLC)744563038 | ||
| 040 |
_aOCLCE _beng _cOCLCE |
||
| 049 | _aZCUA | ||
| 050 | 4 | _aPZ3.B6125A5 | |
| 100 | 1 |
_aBlasco Ibáñez, Vicente, _d1867-1928. _925571 |
|
| 245 | 1 | 0 |
_aArènes sanglantes _cBlasco Ibáñez, Vicente |
| 260 |
_aLevy : _bCalmann, _c1923 |
||
| 300 |
_a377 p. ; _c16 cm. |
||
| 440 |
_aLe livre du poche _925572 |
||
| 500 | _aTranslation of: Sangre y arena. | ||
| 506 |
_3Use copy _fRestrictions unspecified _2star _5MiAaHDL |
||
| 533 |
_aElectronic reproduction. _b[S.l.] : _cHathiTrust Digital Library, _d2011. |
||
| 538 |
_aMaster and use copy. Digital master created according to Benchmark for Faithful Digital Reproductions of Monographs and Serials, Version 1. Digital Library Federation, December 2002. _uhttp://purl.oclc.org/DLF/benchrepro0212 |
||
| 583 | 1 |
_adigitized _c2011 _hHathiTrust Digital Library _lcommitted to preserve _2pda _5MiAaHDL |
|
| 700 | 1 |
_aHérelle, G. _q(Georges), _d1848-1935. _925573 |
|
| 776 | 1 |
_cOriginal _w(OCoLC)21061816 |
|
| 942 |
_2lcc _cMONOGRAPH |
||
| 999 |
_c125174 _d125174 |
||